Longest U.S. Rivers With a State Capital Alongside Them - Statistics

General Stats
  • This quiz has been taken 72 times
  • The average score is 5 of 10
Answer Stats
Length State Capital Answer % Correct
2,202 St. Paul | Baton Rouge Mississippi
97%
2,341 Bismarck | Pierre | Jefferson City Missouri
93%
1,443 Little Rock Arkansas
89%
970 Austin Colorado (of Texas)
54%
447 Sacramento Sacramento
52%
464 Harrisburg Susquehanna
41%
696 Nashville Cumberland
36%
525 Des Moines Des Moines
31%
906 Oklahoma City Canadian
26%
444 Jackson Pearl
23%
No matching quizzes found
Score Distribution
Percent of People with Each Score
Percentile by Number Answered
Your Score History
You have not taken this quiz